2022 FIFA World Cup Round of 16 - Portugal - Switzerland - Statistics

General Stats
  • This quiz has been taken 186 times
  • The average score is 20 of 34
Answer Stats
Player % Correct
Bernardo Silva
89%
Cristiano Ronaldo
89%
Pepe ¹
89%
Rúben Dias
89%
Bruno Fernandes
87%
Gonçalo Ramos ³
87%
Yann Sommer
82%
Diogo Costa
78%
João Félix
78%
Edimilson Fernandes
76%
Rafael Leão ¹
74%
Raphaël Guerreiro ¹
73%
Xherdan Shaqiri
72%
Granit Xhaka
71%
Manuel Akanji ¹
69%
Breel Embolo
66%
Diogo Dalot
63%
Rúben Neves
63%
William Carvalho
60%
Ricardo Rodriguez
56%
Fernando Santos
54%
Fabian Schär
52%
Remo Freuler
48%
Vitinha
47%
Otávio
44%
Haris Seferovic
40%
Ruben Vargas
37%
Djibril Sow
34%
Ricardo Horta
34%
Denis Zakaria
33%
Murat Yakin
27%
Noah Okafor
25%
Ardon Jashari
14%
Eray Cömert
12%
No matching quizzes found
Score Distribution
Percent of People with Each Score
Percentile by Number Answered
Your Score History
You have not taken this quiz